Hungary Immigration by Country - Statistics

General Stats
  • This quiz has been taken 1,641 times
    1,498 since last reset
  • The average score is 15 of 20
Answer Stats
# People Country of Origin % Correct
14,554 United Kingdom
98%
34,424 Germany
95%
207,085 Romania
95%
68,531 Ukraine
93%
4,428 Russia
91%
20,267 Slovakia
91%
10,809 Austria
90%
3,269 Poland
90%
46,556 Serbia
90%
4,676 France
86%
9,044 United States
86%
5,978 Italy
85%
17,049 China
81%
3,277 Turkey
76%
4,121 Netherlands
52%
3,468 Switzerland
49%
3,986 Iran
48%
5,094 Vietnam
43%
5,489 Czechoslovakia
8%
23,356 Soviet Union
8%
No matching quizzes found
Score Distribution
Percent of People with Each Score
Percentile by Number Answered
Your Score History
You have not taken this quiz since the last reset